Method of produce breeder seed of mung bean variety kk3 at kbal koh vegetable seed station វិធីសាស្រ្តផលិតពូជជំរើសវិទូ នៃសណ្តែកបាយ KK3 នៅស្ថានីយ៏ពូជបន្លែក្បាលកោះ (Record no. 672)
[ view plain ]
| 000 -LEADER | |
|---|---|
| fixed length control field | 00647nam a22001577a 4500 |
| 003 - CONTROL NUMBER IDENTIFIER | |
| control field | OSt |
| 005 - DATE AND TIME OF LATEST TRANSACTION | |
| control field | 20150917160045.0 |
| 008 - FIXED-LENGTH DATA ELEMENTS--GENERAL INFORMATION | |
| fixed length control field | 150917b xxu||||| |||| 00| 0 eng d |
| 040 ## - CATALOGING SOURCE | |
| Transcribing agency | RUA |
| 082 ## - DEWEY DECIMAL CLASSIFICATION NUMBER | |
| Classification number | AGR CHO 2001 B026 Or.1 |
| 100 ## - MAIN ENTRY--PERSONAL NAME | |
| 9 (RLIN) | 698 |
| Personal name | CHOU, RADINA. |
| 245 ## - TITLE STATEMENT | |
| Title | Method of produce breeder seed of mung bean variety kk3 at kbal koh vegetable seed station វិធីសាស្រ្តផលិតពូជជំរើសវិទូ នៃសណ្តែកបាយ KK3 នៅស្ថានីយ៏ពូជបន្លែក្បាលកោះ |
| 260 ## - PUBLICATION, DISTRIBUTION, ETC. (IMPRINT) | |
| Place of publication, distribution, etc. | Phnom Penh |
| Name of publisher, distributor, etc. | RUA |
| Date of publication, distribution, etc. | 2001 |
| 300 ## - PHYSICAL DESCRIPTION | |
| Extent | 77p. |
| Other physical details | ill. |
| Dimensions | 29cm. |
| 942 ## - ADDED ENTRY ELEMENTS (KOHA) | |
| Source of classification or shelving scheme | |
| Koha item type | AGR |
| Price effective from | Date last seen | Permanent Location | Not for loan | Date acquired | Source of classification or shelving scheme | Koha item type | Barcode | Lost status | Damaged status | Shelving location | Withdrawn status | Current Location | Full call number |
|---|---|---|---|---|---|---|---|---|---|---|---|---|---|
| 2015-09-17 | 2015-09-17 | Library Block B | 2015-09-17 | AGR | RUA002213 | B026 | Library Block B | AGR CHO 2001 B026 Or.1 | |||||
| 2015-09-17 | 2015-09-17 | Library Block B | 2015-09-17 | AGR | RUA002141 | B026 | Library Block B | AGR CHO 2001 B026 Or.2 | |||||
| 2015-09-17 | 2015-09-17 | Library Block B | 2015-09-17 | AGR | RUA002499 | B026 | Library Block B | AGR CHO 2001 B026 Or.3 | |||||
| 2015-09-17 | 2015-09-17 | Library Block B | 2015-09-17 | AGR | RUA002494 | B026 | Library Block B | AGR CHO 2001 B026 Or.4 | |||||
| 2015-09-17 | 2015-09-17 | Library Block B | 2015-09-17 | AGR | RUA002422 | B026 | Library Block B | AGR CHO 2001 B026 Or.5 | |||||
| 2015-09-17 | 2015-09-17 | Library Block B | 2015-09-17 | AGR | RUA002350 | B026 | Library Block B | AGR CHO 2001 B026 Or.6 | |||||
| 2015-10-06 | 2015-10-06 | Library Block B | 2015-10-06 | AGR | RUA009289 | B026 | Library Block B | AGR CHO 2001 B026 Or.7 | |||||
| 2015-10-06 | 2015-10-06 | Library Block B | 2015-10-06 | AGR | RUA015161 | B026 | Library Block B | AGR CHO 2001 B026 Or.8 | |||||
| 2015-10-31 | 2015-10-31 | Library Block B | 2015-10-31 | AGR | RUA030684 | B026 | Library Block B | AGR CHO 2001 B026 Or.9 | |||||
| 2016-01-26 | 2016-01-26 | Library Block B | 2016-01-26 | AGR | RUA051745 | Library Block B | AGR CHO 2001 B026 Or.10 |